| 000 | 01500cam a2200361 a 4500 | ||
|---|---|---|---|
| 999 |
_c233704 _d233704 |
||
| 001 | 12396386 | ||
| 003 | Nust | ||
| 005 | 20170310110144.0 | ||
| 008 | 010501r20011991nyu 000 1 eng | ||
| 010 | _a 2001034030 | ||
| 020 | _a9780671742560 | ||
| 040 |
_aDLC _cDLC _dDLC |
||
| 043 | _an-us-in | ||
| 050 | 0 | 0 |
_aPS3563.C3884 _bP37 2001 |
| 082 | 0 | 0 |
_a813.54 _bMCN |
| 100 | 1 | _aMcNaught, Judith. | |
| 245 | 1 | 0 |
_aTender triumph / _cJudith McNaught. |
| 246 | 3 | _aParadise ; Tender triumph | |
| 260 |
_aNew York : _bPocket Books, _c2001 |
||
| 300 |
_a744 p. ; _c24 cm. |
||
| 650 | 0 |
_aConsolidation and merger of corporations _vFiction. |
|
| 650 | 0 |
_aDepartment stores _vFiction. |
|
| 650 | 0 |
_aWomen executives _vFiction. |
|
| 651 | 0 |
_aIndiana _vFiction. |
|
| 655 | 7 |
_aRomantic suspense fiction. _2gsafd |
|
| 655 | 7 |
_aLove stories. _2gsafd |
|
| 700 | 1 | 2 |
_aMcNaught, Judith. _tTender triumph. |
| 740 | 0 | 2 | _aTender triumph. |
| 856 | 4 | 2 |
_3Contributor biographical information _uhttp://www.loc.gov/catdir/bios/simon052/2001034030.html |
| 856 | 4 | 2 |
_3Publisher description _uhttp://www.loc.gov/catdir/description/simon032/2001034030.html |
| 856 | 4 | 1 |
_3Sample text _uhttp://www.loc.gov/catdir/enhancements/fy0641/2001034030-s.html |
| 906 |
_a7 _bcbc _corignew _d1 _eocip _f20 _gy-gencatlg |
||
| 942 |
_2ddc _cBK |
||